Vývoj multilaterálních dohod ve světovém obchodě v kontextu historie až po současnost

Vývoj multilaterálných obchodných zmlúv vo svetovom obchode v kontexte minulosti až po súčasnosť.

Gespeichert in:
Bibliographische Detailangaben
1. Verfasser: Mrlinová, Monika
Format: Buchkapitel
Sprache:Tschechisch
Schlagworte:
Tags: Tag hinzufügen
Keine Tags, Fügen Sie das erste Tag hinzu!

MARC

LEADER 00000naa a2200000 4500
001 0166684
005 20220729110356.4
041 0 |a cze 
044 |a SK 
245 1 0 |a Vývoj multilaterálních dohod ve světovém obchodě v kontextu historie až po současnost  |c Monika Mrlinová 
520 |a Vývoj multilaterálných obchodných zmlúv vo svetovom obchode v kontexte minulosti až po súčasnosť. 
610 2 0 |a obchod svetový 
610 2 0 |a dohody obchodné medzinárodné 
610 2 0 |a liberalizácia 
610 2 0 |a história 
610 2 0 |a zmluvy medzinárodné 
610 2 0 |a zmluvy obchodné 
100 1 |a Mrlinová, Monika